| 000 | 00486nam a22001937a 4500 | ||
|---|---|---|---|
| 003 | MPLRDC | ||
| 005 | 20220104154722.0 | ||
| 008 | 210129b ||||| |||| 00| 0 eng d | ||
| 020 | _a957-468-058-4 | ||
| 082 | _a528.972 MHF c.2 | ||
| 100 | _a门惠丰编著 | ||
| 245 |
_a四十八式太极拳入门 _c |
||
| 250 | _a一版二刷 | ||
| 260 |
_a台湾 _b大展出版社 _c2001 |
||
| 300 | _b平 | ||
| 490 | _a武术特辑. 33 | ||
| 650 | _a太级拳 | ||
| 942 |
_cBK _o528.972 MHF c.2 |
||
| 999 |
_c54125 _d54115 |
||